[Event "Bundesliga 2023-24"]
[Site "GER"]
[Date "2023.12.02"]
[Round "3.3"]
[White "Vincent Keymer"]
[Black "Antonios Pavlidis"]
[Result "1-0"]
[EventDate "2023.10.21"]
[WhiteElo "2717"]
[BlackElo "2566"]
[PlyCount "66"]

1. c4 Nf6 2. Nf3 g6 3. g3 Bg7 4. Bg2 O-O 5. O-O d6 6. d4 Nbd7 7. Nc3 e5 8. e4 exd4 9. Nxd4 Re8 10. h3 Nc5 11. Re1 h6 12. f3 c6 13. Be3 d5 14. cxd5 cxd5 15. Ndb5 a6 16. Bxc5 axb5 17. Nxb5 Nh5 18. Nd6 Re6 19. Qxd5 Re5 20. Qxf7+ Kh7 21. b4 b6 22. Nxc8 bxc5 23. Rad1 Qxc8 24. g4 cxb4 25. gxh5 Rxh5 26. Rd7 Qc3 27. Red1 Rha5 28. R1d3 Qa1+ 29. Rd1 Qc3 30. Kh2 g5 31. e5 Qxe5+ 32. f4 gxf4 33. Be4+ 1-0

[Event "24th European Teams"]
[Site "Budva MNE"]
[Date "2023.11.19"]
[Round "8.4"]
[White "Vincent Keymer"]
[Black "Etienne Bacrot"]
[Result "1/2-1/2"]
[EventDate "2023.11.11"]
[WhiteElo "2721"]
[BlackElo "2668"]
[PlyCount "90"]

1. d4 d5 2. c4 dxc4 3. Nf3 Nf6 4. e3 e6 5. Bxc4 a6 6. O-O c5 7. e4 b5 8. Bd3 Bb7 9. e5 Nd5 10. Nc3 Nd7 11. a4 c4 12. Bb1 Be7 13. Ne4 h6 14. h4 Qc7 15. Ne1 b4 16. a5 O-O-O 17. Qe2 Kb8 18. Nf3 f5 19. exf6 gxf6 20. Ng3 Bd6 21. Qxe6 Bxg3 22. fxg3 Qxg3 23. Qe1 Qg4 24. Qe4 Qg3 25. Qe1 Qg4 26. Qf2 Rde8 27. Nh2 Qg7 28. h5 f5 29. Bxf5 Rhf8 30. Ng4 Rxf5 31. Qxf5 Qxd4+ 32. Rf2 Re4 33. Qxd7 Rxg4 34. Qe8+ Ka7 35. Qe1 Rxg2+ 36. Kf1 Rg3 37. Qe2 Ne3+ 38. Bxe3 Rxe3 39. Qd2 Qe4 40. Rf7 Qh1+ 41. Kf2 Rf3+ 42. Rxf3 Qxf3+ 43. Ke1 Qh1+ 44. Kf2 Qg2+ 45. Ke1 1/2-1/2

[Event "24th European Teams"]
[Site "Budva MNE"]
[Date "2023.11.13"]
[Round "3.1"]
[White "Alexandr Predke"]
[Black "Vincent Keymer"]
[Result "1-0"]
[EventDate "2023.11.11"]
[WhiteElo "2661"]
[BlackElo "2721"]
[PlyCount "196"]

1. e4 e5 2. Nf3 Nc6 3. Bb5 a6 4. Ba4 Nf6 5. O-O Be7 6. d3 b5 7. Bb3 d6 8. a4 Bd7 9. c3 O-O 10. Ba2 b4 11. h3 Be6 12. Bxe6 fxe6 13. Be3 d5 14. Nbd2 h6 15. Qc2 Rb8 16. d4 bxc3 17. bxc3 exd4 18. Bxd4 Nh5 19. Rae1 Nf4 20. Be3 Qd7 21. Bxf4 Rxf4 22. Qd3 a5 23. Rb1 Rd8 24. Qe3 Rff8 25. exd5 exd5 26. Rb5 Bd6 27. Nb3 Kh8 28. Rd1 Qf7 29. Nxa5 Rde8 30. Qd2 Ne5 31. Nxe5 Rxe5 32. Nb7 Be7 33. Nc5 Bg5 34. Qb2 Qh5 35. Rf1 Re2 36. Qb1 Qe8 37. Nd3 c6 38. Rb2 Rxb2 39. Qxb2 Qe4 40. Qb4 Ra8 41. Qb7 Qxa4 42. Nc5 Qa2 43. Qxc6 Rg8 44. Nd7 Qd2 45. Qe6 Qxc3 46. Qxd5 Re8 47. g3 Qd2 48. Qc6 Qe2 49. Nc5 Bf6 50. Nd3 Qe4 51. Qxe4 Rxe4 52. Rb1 Rd4 53. Rb3 Kh7 54. Kg2 Rd7 55. h4 g6 56. Kf3 Kg7 57. Nc5 Re7 58. Rb6 Kf7 59. Ne4 Bd4 60. Rb5 Kg7 61. h5 gxh5 62. Rxh5 Re5 63. Rh1 Rf5+ 64. Kg4 Re5 65. f3 Kg6 66. Rd1 Bc5 67. Rc1 Be7 68. Rc6+ Kg7 69. Kf4 Ra5 70. Rc7 Kf8 71. g4 Ra3 72. Rc6 Kg7 73. Rc7 Kf8 74. Rb7 Ra5 75. Rd7 Ra3 76. Rd5 Kf7 77. Kg3 Rb3 78. Ra5 Rd3 79. Kg2 Ra3 80. Rh5 Kg6 81. Re5 Kf7 82. Rd5 Ra2+ 83. Kg3 Ra3 84. Rb5 Kg7 85. Rb7 Kf8 86. Rb6 Kg7 87. Nd2 Ra5 88. Nc4 Rc5 89. Ne3 Bd8 90. Rb7+ Kg6 91. f4 h5 92. Rd7 Bf6 93. Nd5 Rc6 94. Nxf6 Rxf6 95. g5 Rf8 96. Rd6+ Kf5 97. Kh4 Rf7 98. Kxh5 1-0

[Event "24th European Teams"]
[Site "Budva MNE"]
[Date "2023.11.12"]
[Round "2.1"]
[White "Vincent Keymer"]
[Black "Viktor Erdos"]
[Result "1-0"]
[EventDate "2023.11.11"]
[WhiteElo "2721"]
[BlackElo "2557"]
[PlyCount "82"]

1. d4 Nf6 2. c4 e6 3. g3 d5 4. Bg2 Be7 5. Nf3 O-O 6. Qc2 c6 7. O-O b6 8. Nbd2 c5 9. dxc5 bxc5 10. b3 Bb7 11. Bb2 Nbd7 12. cxd5 exd5 13. Rad1 Re8 14. Nb1 Bf8 15. e3 Rc8 16. Nc3 Qa5 17. Qd2 Qa6 18. Rfe1 c4 19. Bf1 Nc5 20. Nd4 Nce4 21. Qc2 Nxc3 22. Bxc3 Ne4 23. Rb1 h5 24. Ba1 h4 25. f3 Nc5 26. bxc4 hxg3 27. hxg3 Qh6 28. Qf2 Ba6 29. cxd5 Bxf1 30. Qxf1 Qg5 31. e4 Nd3 32. Qxd3 Qxg3+ 33. Kf1 Qh3+ 34. Ke2 f5 35. Kd2 Bd6 36. Bc3 fxe4 37. fxe4 Bf4+ 38. Kc2 Rxc3+ 39. Qxc3 Rc8 40. Nc6 Qg2+ 41. Kb3 1-0

[Event "24th European Teams"]
[Site "Budva MNE"]
[Date "2023.11.11"]
[Round "1.5"]
[White "Nils Grandelius"]
[Black "Vincent Keymer"]
[Result "1/2-1/2"]
[EventDate "2023.11.11"]
[WhiteElo "2688"]
[BlackElo "2721"]
[PlyCount "60"]

1. e4 e5 2. Nf3 Nc6 3. Bb5 a6 4. Ba4 Nf6 5. O-O Be7 6. Re1 b5 7. Bb3 O-O 8. a4 b4 9. d4 d6 10. dxe5 Nxe5 11. Nxe5 dxe5 12. Qe2 Bc5 13. Nd2 a5 14. Nc4 Ng4 15. Ne3 Qh4 16. h3 Nh6 17. Nf1 Ng4 18. Ne3 Nh6 19. Nd5 Ra6 20. Be3 Bxe3 21. Qxe3 Rg6 22. Qc5 Re8 23. Rad1 Kh8 24. Kf1 Rxg2 25. Kxg2 Qxh3+ 26. Kg1 Qg4+ 27. Kh2 Qh5+ 28. Kg1 Qg4+ 29. Kh2 Qh5+ 30. Kg1 Qg4+ 1/2-1/2

[Event "Bundesliga"]
[Site "GER"]
[Date "2023.10.22"]
[Round "2.5"]
[White "Vincent Keymer"]
[Black "Frederik Svane"]
[Result "1/2-1/2"]
[EventDate "2023.10.21"]
[WhiteElo "2717"]
[BlackElo "2626"]
[PlyCount "126"]

1. d4 Nf6 2. c4 e6 3. Bf4 Bb4+ 4. Nd2 Nc6 5. Nf3 d6 6. a3 Bxd2+ 7. Bxd2 e5 8. Bg5 h6 9. Bh4 Qe7 10. d5 Nb8 11. Nd2 g5 12. Bg3 Bf5 13. h4 Rg8 14. Qb3 b6 15. hxg5 hxg5 16. Qf3 Bg6 17. e4 Nbd7 18. Bd3 Nh5 19. O-O-O Nf4 20. Bxf4 exf4 21. Bc2 Ne5 22. Qc3 Kf8 23. Rdg1 Ng4 24. Rf1 Qf6 25. Qxf6 Nxf6 26. f3 Nd7 27. Nb1 Ne5 28. b3 Ke7 29. Nc3 a6 30. Kd2 Rh8 31. Ne2 Kf6 32. Bd1 Rxh1 33. Rxh1 b5 34. Nd4 bxc4 35. b4 Rc8 36. Be2 c6 37. dxc6 Nxc6 38. Nxc6 Rxc6 39. Rc1 Ke5 40. Rxc4 Rb6 41. Rc8 f5 42. Rg8 Kf6 43. exf5 Bxf5 44. Kc3 Ke5 45. Re8+ Be6 46. a4 Rc6+ 47. Kd2 d5 48. a5 Kd4 49. Bd3 Bc8 50. Rd8 g4 51. Rf8 Ke5 52. fxg4 Bxg4 53. Rb8 Kd4 54. Rf8 Ke5 55. Ra8 Bc8 56. b5 axb5 57. Bxb5 Rc5 58. Rb8 Bf5 59. a6 Rc2+ 60. Ke1 Ra2 61. Rb7 Kd4 62. Bf1 Bc2 63. Rc7 1/2-1/2

[Event "Bundesliga"]
[Site "GER"]
[Date "2023.10.21"]
[Round "1.5"]
[White "Pawel Teclaf"]
[Black "Vincent Keymer"]
[Result "1/2-1/2"]
[EventDate "2023.10.21"]
[WhiteElo "2585"]
[BlackElo "2717"]
[PlyCount "90"]

1. e4 c5 2. Nf3 d6 3. d4 cxd4 4. Nxd4 Nf6 5. Nc3 a6 6. Be3 e5 7. Nf3 Be7 8. Bc4 O-O 9. O-O Nc6 10. Bg5 Be6 11. Bb3 Ne8 12. Bxe7 Nxe7 13. Qe2 h6 14. Rfd1 Qc7 15. Nd2 Rc8 16. Nf1 Nf6 17. Ne3 Rfd8 18. Rac1 Qa5 19. Qd2 Kf8 20. f3 Qc5 21. Qf2 b5 22. Ncd5 Nexd5 23. Nxd5 a5 24. Ne3 a4 25. Bd5 a3 26. Bxe6 axb2 27. Bxc8 bxc1=Q 28. Rxc1 Rxc8 29. Rb1 Ra8 30. Qe2 Ra5 31. Rb3 g6 32. c4 b4 33. Qd2 Ra4 34. h3 h5 35. Kh2 Kg8 36. Nf5 Ne8 37. Ne7+ Kg7 38. Nd5 Qa7 39. Nxb4 Qc5 40. Nd5 Rxc4 41. Rb8 Rc2 42. Qg5 Rc1 43. Rxe8 Qg1+ 44. Kg3 Qe1+ 45. Kh2 1/2-1/2

[Event "38th ECC Open 2023"]
[Site "Durres ALB"]
[Date "2023.10.06"]
[Round "6.1"]
[White "Vincent Keymer"]
[Black "Rauf Mamedov"]
[Result "1-0"]
[EventDate "2023.10.01"]
[WhiteElo "2717"]
[BlackElo "2640"]
[PlyCount "82"]

1. d4 Nf6 2. c4 g6 3. Nc3 Bg7 4. e4 d6 5. Be2 O-O 6. Be3 Na6 7. h4 h5 8. Nf3 c6 9. Rb1 Nc7 10. O-O Ng4 11. Bc1 Ne6 12. Qd3 Qb6 13. Rd1 a5 14. b3 Bd7 15. Bb2 Qa7 16. Bf1 Rfe8 17. Qd2 Rac8 18. Ne2 Bh6 19. Qe1 Bg7 20. Ng3 Nf8 21. e5 dxe5 22. dxe5 Be6 23. Bd4 c5 24. Bc3 b6 25. Ng5 Qc7 26. f4 f6 27. Nxe6 Nxe6 28. Qe4 Nxf4 29. Nxh5 gxh5 30. Qxf4 e6 31. Be2 Bh6 32. Qg3 f5 33. Bxg4 hxg4 34. Rd6 Kh7 35. Rbd1 Re7 36. Bd2 Bxd2 37. R1xd2 Rg8 38. R2d3 Rgg7 39. Qf4 Rg6 40. h5 Rh6 41. Qd2 1-0

[Event "38th ECC Open 2023"]
[Site "Durres ALB"]
[Date "2023.10.04"]
[Round "4.3"]
[White "Vincent Keymer"]
[Black "Alexander Donchenko"]
[Result "1/2-1/2"]
[EventDate "2023.10.01"]
[WhiteElo "2717"]
[BlackElo "2676"]
[PlyCount "64"]

1. c4 e5 2. g3 c6 3. Nf3 e4 4. Nd4 d5 5. cxd5 Qxd5 6. Nc2 Nf6 7. Nc3 Qe5 8. Bg2 Na6 9. a3 h5 10. h4 Nc5 11. b4 Nb3 12. Rb1 Nxc1 13. Qxc1 Bd6 14. Ne3 Be6 15. Qb2 Bd5 16. O-O O-O 17. Rfd1 Rfe8 18. d3 exd3 19. Ncxd5 Nxd5 20. Bxd5 Qxb2 21. Rxb2 Be5 22. Ra2 dxe2 23. Rxe2 cxd5 24. Rxd5 Rad8 25. Rb5 b6 26. Nc4 Bc7 27. Rxe8+ Rxe8 28. Rxh5 Re4 29. Nb2 Re2 30. Nc4 Re4 31. Nb2 Re2 32. Nc4 1/2-1/2

[Event "38th ECC Open 2023"]
[Site "Durres ALB"]
[Date "2023.10.03"]
[Round "3.3"]
[White "Victor Mikhalevski"]
[Black "Vincent Keymer"]
[Result "0-1"]
[EventDate "2023.10.01"]
[WhiteElo "2527"]
[BlackElo "2717"]
[PlyCount "80"]

1. Nf3 Nf6 2. g3 b5 3. Bg2 Bb7 4. O-O e6 5. b3 b4 6. c4 bxc3 7. dxc3 a5 8. c4 a4 9. Nc3 axb3 10. Qxb3 Bc6 11. e4 Nxe4 12. Nxe4 Bxe4 13. Re1 Bc6 14. Ne5 Bxg2 15. Kxg2 Bd6 16. Bb2 Na6 17. Nd3 f6 18. f4 O-O 19. Bd4 c5 20. Bf2 Qc7 21. Qd1 Qc6+ 22. Qf3 Rfc8 23. Red1 Kf7 24. Rd2 Be7 25. Re1 Qxf3+ 26. Kxf3 Rc7 27. Rb1 d5 28. f5 dxc4 29. fxe6+ Kxe6 30. Nf4+ Kf7 31. Rc2 Nb4 32. Rxc4 Rd7 33. Bxc5 Nc6 34. Rc2 Ne5+ 35. Ke3 Rc8 36. Rbc1 Rdc7 37. Kd4 g5 38. Ne2 Nd7 39. Bxe7 Rxc2 40. Ba3 Ne5 0-1

[Event "38th ECC Open 2023"]
[Site "Durres ALB"]
[Date "2023.10.02"]
[Round "2.3"]
[White "Vincent Keymer"]
[Black "R Pruijssers"]
[Result "1-0"]
[EventDate "2023.10.01"]
[WhiteElo "2717"]
[BlackElo "2540"]
[PlyCount "36"]

1. Nf3 d5 2. g3 e6 3. Bg2 Nf6 4. O-O c5 5. c4 d4 6. d3 Nc6 7. e3 Be7 8. exd4 cxd4 9. Re1 O-O 10. Na3 Re8 11. Bf4 Bb4 12. Re2 Bf8 13. Nb5 Nh5 14. Bc7 Qd7 15. Ne5 Nxe5 16. Bxe5 f6 17. Nc7 Rb8 18. Nxe8 1-0

[Event "38th ECC Open 2023"]
[Site "Durres ALB"]
[Date "2023.10.01"]
[Round "1.3"]
[White "L Lenaerts"]
[Black "Vincent Keymer"]
[Result "0-1"]
[EventDate "2023.10.01"]
[WhiteElo "2353"]
[BlackElo "2717"]
[PlyCount "80"]

1. d4 Nf6 2. c4 e6 3. Nc3 Bb4 4. Qc2 O-O 5. Nf3 d6 6. g3 b6 7. Bg2 Bb7 8. O-O Nbd7 9. Nd1 d5 10. c5 bxc5 11. a3 Ba5 12. dxc5 c6 13. b4 Bc7 14. a4 Rc8 15. Ba3 Bb8 16. Ne3 a5 17. Rab1 axb4 18. Bxb4 Ba6 19. Rfd1 g6 20. Ba3 Re8 21. Ne1 Ba7 22. Nd3 e5 23. Bh3 Rc7 24. Nb4 Bc8 25. Na2 Ne4 26. Bxd7 Bxd7 27. Rb6 Ng5 28. a5 d4 29. Nc4 Bf5 30. Qc1 Nh3+ 31. Kf1 Qd5 32. f3 d3 33. Qc3 e4 34. e3 f6 35. Nb4 Qe6 36. Nd6 exf3 37. e4 Ng5 38. Qxd3 Bxe4 39. Nxe4 Qh3+ 40. Ke1 Nxe4 0-1

[Event "The World Rapid Team Championship"]
[Site "Duesseldorf GER"]
[Date "2023.08.28"]
[Round "10.9"]
[White "Ter-Sahakyan, Samvel"]
[Black "Vincent Keymer"]
[Result "0-1"]
[EventDate "2023.08.26"]
[WhiteElo "2609"]
[BlackElo "2701"]
[PlyCount "148"]

1. e4 e5 2. Nf3 Nc6 3. Bb5 a6 4. Ba4 Nf6 5. O-O Be7 6. Re1 b5 7. Bb3 O-O 8. a4 b4 9. d3 d6 10. a5 Be6 11. Bxe6 fxe6 12. Be3 h6 13. Nbd2 d5 14. c3 Qe8 15. h3 Rb8 16. Qc2 Bd6 17. Nf1 Qg6 18. Qa4 Ne7 19. Ng3 c6 20. Qd1 Qf7 21. c4 Nd7 22. Qe2 Ng6 23. Nh5 Kh7 24. Nh2 Nc5 25. Nf3 d4 26. Bd2 Qe7 27. Ng3 Nb3 28. Rad1 Ra8 29. Nh2 Nxa5 30. Ng4 Nb3 31. Nf1 a5 32. Nfh2 a4 33. Nf3 a3 34. c5 Bxc5 35. Ngxe5 Nxe5 36. Nxe5 a2 37. Ra1 Bd6 38. Nc4 Bf4 39. Bxf4 Rxf4 40. Qc2 Nxa1 41. Rxa1 Qg5 42. b3 Raf8 43. Qxa2 Rxf2 44. Qxf2 Rxf2 45. Kxf2 Qf4+ 46. Kg1 Qg3 47. Rd1 c5 48. Kf1 Kg6 49. Rd2 Kg5 50. Rd1 h5 51. Rd2 Kh6 52. Rd1 g6 53. Rd2 g5 54. Rd1 h4 55. Rd2 Kh5 56. Rd1 g4 57. hxg4+ Kxg4 58. Rd2 Kh5 59. Rd1 Kg5 60. Rd2 Kg4 61. Rd1 Qh2 62. Rd2 Qh1+ 63. Kf2 Kf4 64. e5 Qb1 65. Nb2 Kxe5 66. Re2+ Kf5 67. Na4 Qxd3 68. Nxc5 Qg3+ 69. Kf1 e5 70. Rf2+ Kg6 71. Rf3 Qg5 72. Ne4 Qc1+ 73. Ke2 Qc2+ 74. Nd2 e4 0-1

[Event "The World Rapid Team Championship"]
[Site "Duesseldorf GER"]
[Date "2023.08.28"]
[Round "12.9"]
[White "Vincent Keymer"]
[Black "Raphael Lagunow"]
[Result "0-1"]
[EventDate "2023.08.26"]
[WhiteElo "2701"]
[BlackElo "2413"]
[PlyCount "156"]

1. Nf3 Nf6 2. g3 d5 3. Bg2 c6 4. O-O Bg4 5. h3 Bxf3 6. Bxf3 e6 7. d3 Nbd7 8. Bg2 Be7 9. e4 O-O 10. Qe2 a5 11. a4 Qc7 12. Nd2 Rfe8 13. Re1 e5 14. Nf1 dxe4 15. dxe4 Nc5 16. Qc4 Rab8 17. Ne3 b5 18. axb5 cxb5 19. Qe2 Rec8 20. Nf5 Ne6 21. c3 Bc5 22. h4 b4 23. Bg5 bxc3 24. bxc3 Nxg5 25. hxg5 Ne8 26. Qa2 Bb6 27. Red1 Rd8 28. Qa3 Bc5 29. Qa2 Rxd1+ 30. Rxd1 Rd8 31. Rb1 Nd6 32. Kh2 Qa7 33. Rb2 a4 34. Rd2 a3 35. Qd5 Nb7 36. Qxe5 Bf8 37. Ra2 Nc5 38. Bf1 Nb3 39. Bc4 Nc1 40. Rc2 a2 41. Bxa2 Nxa2 42. Qb5 Nxc3 43. Rxc3 Qxf2+ 44. Kh3 Qe1 45. Re3 Qh1+ 46. Kg4 g6 47. Nh4 Qd1+ 48. Nf3 h5+ 49. Kf4 Qc1 50. Qb3 Bc5 51. Ne5 Qxe3+ 52. Qxe3 Bxe3+ 53. Kxe3 Kf8 54. Nd3 Ra8 55. Nb4 Ke7 56. Kf4 Kd6 57. Nd5 Ra1 58. Ne3 Ke6 59. Kf3 f6 60. gxf6 Kxf6 61. Nd5+ Ke5 62. Nf4 Ra3+ 63. Kg2 Ra6 64. Kf3 Kf6 65. Kg2 Kg5 66. Nh3+ Kh6 67. Nf4 g5 68. Nd5 Kg6 69. Kf2 Ra2+ 70. Kf3 Ra3+ 71. Kf2 Kf7 72. Ne3 Ke6 73. Nc4 Ra4 74. Nd2 g4 75. Ke3 Ke5 76. Ke2 Rxe4+ 77. Nxe4 Kxe4 78. Kf2 Ke5 0-1

[Event "The World Rapid Team Championship"]
[Site "Duesseldorf GER"]
[Date "2023.08.28"]
[Round "9.8"]
[White "Vincent Keymer"]
[Black "Darmen Sadvakasov"]
[Result "1-0"]
[EventDate "2023.08.26"]
[WhiteElo "2701"]
[BlackElo "2629"]
[PlyCount "110"]

1. d4 Nf6 2. c4 e6 3. Nf3 c5 4. d5 exd5 5. cxd5 d6 6. Nc3 g6 7. Bf4 Bg7 8. Qa4+ Bd7 9. Qb3 O-O 10. Bxd6 Ba4 11. Qxa4 Qxd6 12. Rd1 a6 13. e3 Nbd7 14. Be2 b5 15. Qc2 c4 16. O-O Rac8 17. a3 Rfe8 18. Nd4 Nb6 19. Bf3 Nfd7 20. h3 Ne5 21. Be2 f5 22. Ne6 Bf6 23. e4 Nd3 24. exf5 Nxd5 25. Bxd3 Nxc3 26. bxc3 cxd3 27. Rxd3 Qe5 28. Nd4 gxf5 29. Re3 Qd5 30. Nxf5 Rxe3 31. fxe3 Kh8 32. Qf2 Rf8 33. Nd4 Be7 34. Qg3 Rg8 35. Qf2 Qg5 36. Nf3 Qf5 37. Qb2 Bf6 38. Nd4 Qg5 39. Qf2 Be7 40. Ra1 Rf8 41. Qe2 Qg3 42. Ne6 Rg8 43. c4 Qe5 44. Nd4 bxc4 45. Rc1 Bd6 46. Nf3 Qe6 47. Rxc4 Bxa3 48. Qd3 Bb2 49. Rc7 Qxh3 50. Ng5 Rxg5 51. Qd8+ Rg8 52. Qxg8+ Kxg8 53. gxh3 a5 54. Ra7 Bc3 55. Kf2 1-0

[Event "The World Rapid Team Championship"]
[Site "Duesseldorf GER"]
[Date "2023.08.27"]
[Round "7.9"]
[White "Dmitrij Kollars"]
[Black "Vincent Keymer"]
[Result "1-0"]
[EventDate "2023.08.26"]
[WhiteElo "2628"]
[BlackElo "2701"]
[PlyCount "112"]

1. e4 e5 2. Nf3 Nc6 3. Bb5 a6 4. Ba4 Nf6 5. Nc3 Be7 6. Bxc6 dxc6 7. d3 Nd7 8. Be3 Bd6 9. O-O O-O 10. h3 Re8 11. Nd2 Nf8 12. Nc4 Ng6 13. a4 a5 14. d4 Be6 15. Nxd6 cxd6 16. Qd2 f5 17. d5 f4 18. dxe6 Rxe6 19. Nd5 cxd5 20. Qxd5 Qd7 21. Bd2 Rc8 22. Qb3 Kh8 23. f3 Nh4 24. Be1 Rg6 25. Bxh4 Qxh3 26. Rf2 Qxh4 27. Qxb7 Rf8 28. Rd1 h5 29. Qd7 Rd8 30. Qc7 Kh7 31. c4 Ra8 32. Rd5 Qg5 33. c5 h4 34. Rxd6 Rf8 35. Rxg6 Kxg6 36. Qd6+ Rf6 37. Qd7 Rf8 38. Rd2 Qg3 39. Kf1 Kh7 40. c6 Qh2 41. Qh3 Qg3 42. c7 Qxh3 43. gxh3 Rc8 44. Rd7 Kg6 45. Ke2 Kf6 46. Kd3 g5 47. Kc4 Ke6 48. Rg7 Kf6 49. Rh7 Kg6 50. Rd7 g4 51. fxg4 f3 52. Kd3 Kf6 53. Ke3 Ke6 54. Rh7 Rf8 55. Kf2 Kd6 56. g5 1-0

[Event "The World Rapid Team Championship"]
[Site "Duesseldorf GER"]
[Date "2023.08.26"]
[Round "1.9"]
[White "Akaki Iashvili"]
[Black "Vincent Keymer"]
[Result "0-1"]
[EventDate "2023.08.26"]
[WhiteElo "2342"]
[BlackElo "2701"]
[PlyCount "52"]

1. d4 Nf6 2. c4 e6 3. Nc3 Bb4 4. e3 O-O 5. Bd3 d5 6. cxd5 exd5 7. Ne2 Re8 8. O-O Bd6 9. Ng3 b6 10. b3 Bb7 11. Bb2 Nbd7 12. Rc1 a6 13. Kh1 g6 14. Re1 Ne4 15. Ncxe4 dxe4 16. Bc4 Qh4 17. d5 Nf6 18. Bxf6 Qxf6 19. f4 exf3 20. Qxf3 Qh4 21. e4 Re5 22. Nf1 Rae8 23. g3 Qe7 24. Bd3 Bxd5 25. Nd2 Bb4 26. Rc2 f5 0-1

[Event "The World Rapid Team Championship"]
[Site "Duesseldorf GER"]
[Date "2023.08.26"]
[Round "3.9"]
[White "Platon Galperin"]
[Black "Vincent Keymer"]
[Result "0-1"]
[EventDate "2023.08.26"]
[WhiteElo "2566"]
[BlackElo "2701"]
[PlyCount "58"]

1. Nf3 Nf6 2. g3 c5 3. Bg2 Nc6 4. O-O e5 5. d3 d5 6. e4 Be7 7. Bg5 d4 8. a4 Be6 9. Na3 h6 10. Bd2 Nd7 11. Ne1 g5 12. f4 gxf4 13. gxf4 exf4 14. Bxf4 Bg5 15. Bd6 Nde5 16. Nb5 Kd7 17. Nf3 Bf4 18. Bxc5 Rg8 19. Kh1 Nxf3 20. Qxf3 Qg5 21. Bh3 Ne5 22. Bxe6+ fxe6 23. Qh3 Ng4 24. Bxd4 Nxh2 25. Bf6 Qxf6 26. Qxh2 Rg4 27. e5 Qxe5 28. Qh3 Qd5+ 29. Qf3 Qh5+ 0-1

[Event "The World Rapid Team Championship"]
[Site "Duesseldorf GER"]
[Date "2023.08.26"]
[Round "4.9"]
[White "Vincent Keymer"]
[Black "Szymon Gumularz"]
[Result "0-1"]
[EventDate "2023.08.26"]
[WhiteElo "2701"]
[BlackElo "2588"]
[PlyCount "56"]

1. c4 Nf6 2. Nf3 e6 3. b3 b6 4. g3 Bb7 5. Bg2 c5 6. Bb2 Be7 7. O-O O-O 8. d4 cxd4 9. Qxd4 d6 10. Nc3 a6 11. Rfd1 Nbd7 12. Qf4 Qc7 13. Rac1 Rac8 14. h4 Rfe8 15. g4 Qb8 16. g5 Nh5 17. Qg4 g6 18. Ne4 d5 19. Nc3 Nf4 20. cxd5 f5 21. gxf6 Nxf6 22. Qg5 N6xd5 23. Qh6 Nxc3 24. Rd7 Ncxe2+ 25. Kf1 Rxc1+ 26. Bxc1 Nxc1 27. Ng5 Bxg2+ 28. Ke1 Qe5+ 0-1

[Event "FIDE World Cup 2023"]
[Site "Baku AZE"]
[Date "2023.08.09"]
[Round "4.1"]
[White "Vincent Keymer"]
[Black "Magnus Carlsen"]
[Result "1-0"]
[EventDate "2021.07.30"]
[WhiteElo "2690"]
[BlackElo "2835"]
[PlyCount "116"]

1. d4 Nf6 2. c4 e6 3. Nc3 d5 4. cxd5 exd5 5. Bg5 Bb4 6. e3 h6 7. Bf4 Bf5 8. Bd3 Bxd3 9. Qxd3 c6 10. Ne2 Nh5 11. Be5 Nd7 12. h3 Nhf6 13. Bh2 O-O 14. a3 Ba5 15. O-O Re8 16. Rac1 Qe7 17. b4 Bd8 18. Ng3 Bc7 19. Nf5 Bxh2+ 20. Kxh2 Qe6 21. Ng3 Qd6 22. Kg1 a5 23. Qb1 Nb6 24. bxa5 Nc4 25. Qb4 Rxa5 26. Nxd5 Nxd5 27. Qxc4 Rxa3 28. Qc5 Qxc5 29. Rxc5 Rea8 30. Nf5 h5 31. g4 hxg4 32. hxg4 Ra2 33. Rb1 Ra1 34. Rxa1 Rxa1+ 35. Kg2 Kf8 36. g5 Nc7 37. Nd6 g6 38. Nxb7 Rb1 39. Nd8 Rb5 40. Rxb5 cxb5 41. Nc6 Ke8 42. Nb4 Ke7 43. f4 Kd6 44. Kf3 Ne6 45. Ke2 Ng7 46. e4 Nh5 47. Kf3 Ng7 48. Nd3 Nh5 49. Ke3 Ng3 50. d5 Kc7 51. Kd4 Kb6 52. Ne5 b4 53. Nxf7 b3 54. Ne5 Ne2+ 55. Ke3 Kb5 56. Nd3 Nc3 57. d6 Kc6 58. e5 1-0

[Event "FIDE World Cup 2023"]
[Site "Baku AZE"]
[Date "2023.08.03"]
[Round "2.2"]
[White "Daniel Dardha"]
[Black "Vincent Keymer"]
[Result "1/2-1/2"]
[EventDate "2021.07.30"]
[WhiteElo "2600"]
[BlackElo "2690"]
[PlyCount "96"]

1. e4 e5 2. Nf3 Nc6 3. Bc4 Nf6 4. d3 Bc5 5. Nc3 h6 6. h3 d6 7. Na4 Bb6 8. a3 Be6 9. Bxe6 fxe6 10. O-O O-O 11. b4 Qe8 12. c3 Qg6 13. Re1 Rf7 14. Ra2 Raf8 15. Nxb6 axb6 16. b5 Nb8 17. Nh2 Nbd7 18. Be3 Ra8 19. Nf1 Rff8 20. Kh1 Nh5 21. Qg4 Qf7 22. a4 d5 23. Qe2 Rad8 24. Nh2 d4 25. cxd4 exd4 26. Bxd4 Nf4 27. Qc2 e5 28. Be3 Nxd3 29. Rb1 N7c5 30. f3 Rd6 31. Raa1 Ne6 32. Qc4 Rfd8 33. a5 bxa5 34. Rxa5 Kh7 35. Ra2 Qg6 36. Qc3 h5 37. Nf1 R8d7 38. Bg1 Ndf4 39. Qxe5 Rd1 40. Rxd1 Rxd1 41. Ne3 Rb1 42. Ra1 Rb3 43. Ra2 Rb1 44. Qf5 Qxf5 45. Nxf5 Rxb5 46. Kh2 c5 47. Be3 Rb3 48. Rd2 1/2-1/2

[Event "Prague Chess Festival"]
[Site "Prague CZE"]
[Date "2023.06.30"]
[Round "9.4"]
[White "Bogdan-Daniel Deac"]
[Black "Vincent Keymer"]
[Result "1/2-1/2"]
[EventDate "2023.06.21"]
[WhiteElo "2693"]
[BlackElo "2690"]
[PlyCount "86"]

1. e4 e5 2. Nf3 Nc6 3. Bb5 a6 4. Ba4 Nf6 5. O-O Be7 6. Re1 b5 7. Bb3 O-O 8. d3 d6 9. a3 Na5 10. Ba2 c5 11. Nc3 Be6 12. Bg5 Nc6 13. Bxf6 Bxf6 14. Nd5 a5 15. a4 b4 16. c3 Rb8 17. Bc4 g6 18. Ne3 Bg7 19. Bd5 Bd7 20. Nc4 Qc7 21. Ne3 Bh6 22. Bc4 Be6 23. Nd2 Kh8 24. Qe2 Qd8 25. f3 Ne7 26. Qf2 Bg5 27. Ndf1 Bd7 28. Nd5 Nxd5 29. Bxd5 f5 30. exf5 gxf5 31. g3 Qf6 32. d4 exd4 33. f4 Bh6 34. cxd4 Bg7 35. Red1 cxd4 36. Nd2 Rfe8 37. Nb3 Re3 38. Nxd4 Rbe8 39. Rd2 Qe7 40. Nc6 Bxc6 41. Bxc6 Rc8 42. Bf3 Rc5 43. Rad1 Re6 1/2-1/2

[Event "Prague Chess Festival"]
[Site "Prague CZE"]
[Date "2023.06.29"]
[Round "8.3"]
[White "Vincent Keymer"]
[Black "Boris Gelfand"]
[Result "1/2-1/2"]
[EventDate "2023.06.21"]
[WhiteElo "2690"]
[BlackElo "2668"]
[PlyCount "94"]

1. d4 Nf6 2. c4 e6 3. Nc3 Bb4 4. f3 d5 5. a3 Be7 6. e4 dxe4 7. fxe4 c5 8. d5 exd5 9. exd5 O-O 10. Be2 Bf5 11. Nf3 a6 12. O-O Bg6 13. Bd3 Re8 14. Ng5 Bd6 15. Bxg6 hxg6 16. Qf3 Nbd7 17. Nce4 Be5 18. Bf4 Qc7 19. Rae1 Bxf4 20. Qxf4 Qxf4 21. Rxf4 b5 22. b3 Rab8 23. h3 bxc4 24. bxc4 Kf8 25. Ref1 Kg8 26. Re1 Kf8 27. Kh2 Rb2 28. Rh4 Kg8 29. Nxf6+ Nxf6 30. Rxe8+ Nxe8 31. Re4 Nd6 32. Re7 Rb7 33. Rxb7 Nxb7 34. Ne4 f5 35. Ng5 Nd6 36. Ne6 Nxc4 37. a4 Kf7 38. Nxc5 a5 39. Kg3 g5 40. h4 gxh4+ 41. Kxh4 Ne3 42. Kg5 Nxd5 43. Kxf5 Ne3+ 44. Ke4 Nxg2 45. Nb3 Ke6 46. Nxa5 Kd6 47. Nc4+ 1/2-1/2

[Event "Prague Chess Festival"]
[Site "Prague CZE"]
[Date "2023.06.28"]
[Round "7.3"]
[White "Ray Robson"]
[Black "Vincent Keymer"]
[Result "1-0"]
[EventDate "2023.06.21"]
[WhiteElo "2689"]
[BlackElo "2690"]
[PlyCount "110"]

1. d4 Nf6 2. c4 e6 3. Nf3 d5 4. g3 Bb4+ 5. Bd2 Be7 6. Bg2 O-O 7. O-O c6 8. Qc2 Nbd7 9. Bf4 b6 10. Rd1 Bb7 11. Ne5 Nh5 12. Bd2 Nhf6 13. cxd5 cxd5 14. Nc6 Bxc6 15. Qxc6 Rc8 16. Qb5 Ne8 17. Qa6 Rc4 18. e4 Nc7 19. Qxa7 Nb5 20. Qa6 Nxd4 21. exd5 b5 22. Ba5 Qe8 23. Bf1 Nc2 24. Bxc4 bxc4 25. dxe6 Nc5 26. Qxc4 Nxa1 27. Nd2 Nxe6 28. Rxa1 Qa8 29. Bc3 Rd8 30. Qe4 Qa7 31. Nf3 Bc5 32. Qe2 h6 33. a4 Rb8 34. a5 Bb4 35. Bxb4 Rxb4 36. a6 Rb3 37. Ra3 Rxa3 38. bxa3 Qb6 39. Qc4 Qa5 40. Qc8+ Kh7 41. Qb7 Nc5 42. Qxf7 Nxa6 43. Qb3 Kh8 44. h4 Qf5 45. Kg2 Qe4 46. Qb6 Qa4 47. Qd8+ Kh7 48. Qd3+ Kg8 49. Ne5 Qa5 50. Ng6 Nc7 51. Ne7+ Kf7 52. Qd7 Kf8 53. Ng6+ Kg8 54. Qd8+ Kf7 55. Nh8+ 1-0